000 00722cab a2200217 4500
001 X3125
008 090401t1995 xxu||||| |||| 00| 0 eng d
035 _a(Sirsi) u28577
041 _aeng
100 _aGoodwin, M.
245 _aGeneral practice division conference
260 _c1995
350 _a0
490 _aCSM (Chartered Surveyor Monthly)
_v5(3) November/December 1995, 48(1)
520 _aSummarises the issues discussed at the 1995 October conference of the general practice division with a keynote address from Michael Mallinson.
650 _aGENERAL PRACTICE
650 _aMALLINSON MICHAEL
690 _aMANAGEMENT-BUSINESS MANAGEMENT-PROFESSIONAL PRACTICE
942 _n0
948 _c04/03/1997
999 _c19217
_d19217